Guess the Fusion Rock Song Lyrics #48 - Statistics

General Stats
  • This quiz has been taken 13 times
  • The average score is 227 of 297
Answer Stats
Answer % Correct
a
100%
hear
100%
I
100%
i
100%
me
100%
You
100%
love
90%
my
90%
the
90%
to
90%
To
90%
all
80%
can
80%
day
80%
do
80%
feel
80%
heart
80%
In
80%
in
80%
it
80%
It's
80%
know
80%
makes
80%
mine
80%
of
80%
rain
80%
see
80%
this
80%
up
80%
When
80%
eyes
70%
good
70%
lips
70%
night
70%
On
70%
on
70%
Yeah
70%
yeah
70%
Cause
60%
face
60%
lights
60%
rainy
60%
sky
60%
sunny
60%
time
60%
wake
60%
Well
60%
away
50%
every
50%
lightnin
50%
Ooh
50%
ooh
50%
thunder
50%
cares
40%
Eddie Rabbitt
40%
smile
40%
such
40%
Taste
40%
taste
40%
beautiful
30%
moonlight
30%
Puts
30%
shadow
30%
shadows
30%
sight
30%
washed
30%
Watch
30%
high
20%
song
20%
Showers
10%
No matching quizzes found
Score Distribution
Percent of People with Each Score
Percentile by Number Answered
Your Score History
You have not taken this quiz